000 00940nam a2200277 a 4500
001 000042093
005 20241028095415.0
008 131114s2013 dr ac r 000 0 spa d
020 _a9789945165876
040 _aDO-SdBNP
_bspa
_cBNPHU
082 _a792.022
_bG216m
100 1 _aGarcía Guerra, Iván,
_d1938-
_9144
245 1 0 _aManual de actuación teatral. /
_cIván García Guerra.
260 _aSanto Domingo :
_bBúho,
_c2013.
300 _a254 p. :
_bil., retrs. ;
_c26 cm.
490 1 _aManuales Artedra
_v1
500 _aIncluye datos biografícos del autor en la solapa de la Cubierta
500 _aIncluye referencias bibliográficas y notas al pie de las páginas
590 _aInventariado, 2018/BT
650 0 _aTeatro
_97455
650 4 _aTeatro
_xTécnica
_969087
650 4 _aArte teatral
_969088
650 4 _aJuegos
_940108
830 0 _aManuales Artedra
_n1
_969089
910 _aValidado. Control de calidad. MFF
999 _c41582
_d41582